| 000 | 01061nam0a2200313 4500 | ||
|---|---|---|---|
| 001 | RU\NLR\BIBL_A\022759163 | ||
| 005 | 20260409003557.0 | ||
| 010 | _a5-7900-0886-8 | ||
| 035 | _a(NLR Aleph) 022759163 | ||
| 090 |
_a13650453 _c13650453 |
||
| 100 | _a20260319d1991 u y0rusy50 ca | ||
| 101 | 1 |
_alit _ceng |
|
| 102 | _aLT | ||
| 105 | _ay ||z|||000ay | ||
| 181 | 0 |
_ai4 _baxxe |
|
| 182 | 0 | _an | |
| 200 | 1 |
_aRob Rojus _e[romanas] _fValteris Skotas _giš anglų kalbos vertė Marija Kazlauskaitė ir Juozas Subatavičius |
|
| 203 |
_aТекст _bвизуальный _cнепосредственный |
||
| 205 | _a2-asis leid. | ||
| 210 |
_aVilnius _cVyturys _d1991 |
||
| 215 |
_a429, [1] с. _d21 |
||
| 300 | _aЗагл. и авт. ориг.: Rob Roy / Walter Scott | ||
| 454 | 0 |
_12001#$aRob Roy _tRob Roy |
|
| 686 | 1 | _aШ6(4Вл)57-442{Лх1296.1-45лит} | |
| 700 | 1 |
_7ba _8eng _aScott _bW. _f1771-1832 _gWalter _9112456 _3RU\NLR\AUTH\772444 |
|
| 942 | _cBOOK | ||
| 980 | _aNB | ||